| 000 | 01615cam a2200493 i 4500 | ||
|---|---|---|---|
| 001 | 12932 | ||
| 003 | KOSZ 005 | ||
| 005 | 20250723112750.0 | ||
| 008 | 250723s1970 pl a f f 001 0 pol | ||
| 015 | _aUWD 1970/9669 | ||
| 035 | _a991035984919705066 | ||
| 035 | _a(PL-WaBN)b19671805-48omnis_nlop | ||
| 035 | _ab19671805 | ||
| 035 | _a(OCoLC)750001744 | ||
| 035 | _azz2005962804 | ||
| 035 | _a(PL)b0000001967180 | ||
| 035 | _a(EXLNZ-48OMNIS_NETWORK)9910371371305606 | ||
| 040 |
_aWA N _cWA N _dKOSZ 005/RW |
||
| 046 | _k1968 | ||
| 080 | _a53 | ||
| 080 | _a(07) | ||
| 100 | 1 |
_aJeżewski, Mieczysław _d(1890-1971) _eAutor |
|
| 245 | 1 | 0 |
_aFizyka : _bpodręcznik dla wyższych szkół technicznych / _cMieczysław Jeżewski. |
| 250 | _aWydanie 11 poprawione i uzupełnione. | ||
| 260 |
_aWarszawa : _bPaństwowe Wydawnictwo Naukowe, _c1970. |
||
| 300 |
_a810, [1] stron : _bilustracje ; _c25 cm. |
||
| 336 |
_aTekst _btxt _2rdacontent |
||
| 337 |
_aBez urządzenia pośredniczącego _bn _2rdamedia |
||
| 338 |
_aWolumin _bnc _2rdacarrier |
||
| 380 | _aKsiążki | ||
| 380 | _aPublikacje dydaktyczne | ||
| 380 | _aPublikacje naukowe | ||
| 385 |
_mPoziom nauczania _aSzkoły wyższe |
||
| 388 | 1 | _a1901-2000 | |
| 388 | 1 | _a1945-1989 | |
| 504 | _aIndeks. | ||
| 650 | 7 |
_aFizyka _2DBN |
|
| 655 | 7 |
_aPodręcznik _2DBN |
|
| 658 | _aFizyka i astronomia | ||
| 710 | 2 |
_aPaństwowe Wydawnictwo Naukowe _4pbl |
|
| 856 |
_uhttps://koha.tu.koszalin.pl/cgi-bin/koha/opac-detail.pl?biblionumber=12932 _yKatalog online BPK |
||
| 942 |
_2UKD _cKS |
||
| 999 |
_c12932 _d12932 |
||